[Event "Havana Province zt"]
[Site "Havana"]
[Date "2010.02.24"]
[Round "5"]
[White "Carrasquillo Alonzo, Pedro"]
[Black "Rey Rodriguez, Yosvany"]
[Result "0-1"]
[WhiteElo "1869"]
[BlackElo "2091"]
[PlyCount "40"]
[EventDate "2010.02.20"]
[EventType "swiss"]
[EventRounds "9"]
[EventCountry "CUB"]
[SourceTitle "EXT 2011"]
[Source "ChessBase"]
[SourceDate "2010.11.26"]
[SourceVersion "1"]
[SourceVersionDate "2010.11.26"]
[SourceQuality "1"]

1. e4 c5 2. b4 cxb4 3. d4 d5 4. e5 Bf5 5. g4 Bg6 6. h4 Qc7 7. Bb5+ Nd7 8. e6 fxe6 9. Nf3 Qxc2 10. Qxc2 Bxc2 11. Ng5 Ngf6 12. Nxe6 Kf7 13. Ng5+ Kg8 14. f3 h6 15. Ne6 Kf7 16. Nf4 e5 17. Nh5 Bd6 18. Bb2 e4 19. f4 Nxh5 20. gxh5 Nf6 0-1

[Event "Havana Municipal-ch 12th"]
[Site "Havana"]
[Date "2009.09.25"]
[Round "8"]
[White "Carrasquillo Alonzo, Pedro"]
[Black "Puig Moreira, Livan Jesus"]
[Result "0-1"]
[WhiteElo "1852"]
[BlackElo "2155"]
[PlyCount "61"]
[EventDate "2009.09.15"]
[EventType "swiss"]
[EventRounds "11"]
[EventCountry "CUB"]
[EventCategory "1"]
[SourceTitle "EXT 2012"]
[Source "ChessBase"]
[SourceDate "2011.11.24"]
[SourceVersion "1"]
[SourceVersionDate "2011.11.24"]
[SourceQuality "1"]

1. e4 e5 2. Nf3 Nc6 3. Bc4 Nf6 4. Nc3 Bc5 5. d3 h6 6. h3 a6 7. Be3 Ba7 8. a3 d6 9. Qe2 Be6 10. Rd1 Qe7 11. b4 b5 12. Bd5 Bxd5 13. Nxd5 Nxd5 14. exd5 Nb8 15. c4 Nd7 16. g4 0-0 17. g5 h5 18. g6 Bxe3 19. Qxe3 fxg6 20. Rg1 Rf6 21. Ng5 Nf8 22. c5 Rf4 23. Ne4 Qf7 24. cxd6 cxd6 25. Rc1 Qxd5 26. Rc7 Ne6 27. Rd7 Nd4 28. Kf1 Nf5 29. Qe2 Rc8 30. Kg2 Nh4+ 31. Kh1 0-1

[Event "Havana Municipal-ch 12th"]
[Site "Havana"]
[Date "2009.09.17"]
[Round "2"]
[White "Perera Alfonso, Rene Humberto"]
[Black "Carrasquillo Alonzo, Pedro"]
[Result "0-1"]
[WhiteElo "2071"]
[BlackElo "1852"]
[PlyCount "56"]
[EventDate "2009.09.15"]
[EventType "swiss"]
[EventRounds "11"]
[EventCountry "CUB"]
[EventCategory "1"]
[SourceTitle "EXT 2012"]
[Source "ChessBase"]
[SourceDate "2011.11.24"]
[SourceVersion "1"]
[SourceVersionDate "2011.11.24"]
[SourceQuality "1"]

1. e4 Nf6 2. e5 Nd5 3. d4 d6 4. c4 Nb6 5. f4 dxe5 6. fxe5 c5 7. d5 e6 8. Nc3 Qh4+ 9. g3 Qd4 10. Qxd4 cxd4 11. Nb5 Na6 12. d6 f6 13. Bf4 g5 14. Bd2 fxe5 15. Bxg5 Rg8 16. Bf6 Nd7 17. Bh4 Ndc5 18. Bf6 Bd7 19. Bxe5 Bc6 20. Bxd4 Bxh1 21. Bxc5 Nxc5 22. Nc7+ Kd7 23. Nxa8 Bxd6 24. b4 Ne4 25. c5 Be5 26. 0-0-0+ Ke7 27. Re1 Bc3 28. Re3 Bd2+ 0-1